Soros, cuestion de marca (Registro nro. 105949)

Detalles MARC
001 - NÚMERO DE CONTROL
campo de control 309071
005 - FECHA Y HORA DE LA ÚLTIMA TRANSACCIÓN
campo de control 20240916090406.0
008 - DATOS DE LONGITUD FIJA--INFORMACIÓN GENERAL
campo de control de longitud fija 980925e19971101 spa
035 ## - NÚMERO DE CONTROL DEL SISTEMA
Número de control de sistema 309071
035 ## - NÚMERO DE CONTROL DEL SISTEMA
Número de control de sistema (OCoLC)819768775
040 ## - FUENTE DE LA CATALOGACIÓN
Centro/agencia transcriptor comduadb
041 ## - CÓDIGO DE LENGUA
Código de lengua del texto/banda sonora o título independiente spa
100 10 - ENTRADA PRINCIPAL--NOMBRE DE PERSONA
Nombre de persona Hudson, Peter
Código de función aut
Término indicativo de función/relación Autor/a
9 (RLIN) 316644
245 10 - MENCIÓN DE TÍTULO
Título Soros, cuestion de marca
650 ## - PUNTO DE ACCESO ADICIONAL DE MATERIA--TÉRMINO DE MATERIA
Término de materia o nombre geográfico como elemento de entrada Soros, George
9 (RLIN) 26468
650 ## - PUNTO DE ACCESO ADICIONAL DE MATERIA--TÉRMINO DE MATERIA
Término de materia o nombre geográfico como elemento de entrada Capitalistas
9 (RLIN) 68705
650 #7 - PUNTO DE ACCESO ADICIONAL DE MATERIA--TÉRMINO DE MATERIA
Término de materia o nombre geográfico como elemento de entrada Bienes raices
Fuente del encabezamiento o término lemb
9 (RLIN) 13843
650 ## - PUNTO DE ACCESO ADICIONAL DE MATERIA--TÉRMINO DE MATERIA
Término de materia o nombre geográfico como elemento de entrada Especulación
9 (RLIN) 9971
650 ## - PUNTO DE ACCESO ADICIONAL DE MATERIA--TÉRMINO DE MATERIA
Término de materia o nombre geográfico como elemento de entrada Brasil
9 (RLIN) 42885
650 ## - PUNTO DE ACCESO ADICIONAL DE MATERIA--TÉRMINO DE MATERIA
Término de materia o nombre geográfico como elemento de entrada América Latina
9 (RLIN) 1288
773 0# - ENLACE AL DOCUMENTO FUENTE/ENTRADA DE REGISTRO ANFITRIÓN
Título América Economía (New York)
Parte(s) relacionada(s) No. 125, Nov. 1997, p. 28-35
Número de control del registro 6301
Número bibliográfico anfitrión 3830
942 ## - ELEMENTOS DE ENTRADA AGREGADA (KOHA)
Tipo de ítem Koha Artículo de Revista

No hay ítems disponibles.